000 00712 a2200229 4500
005 20260413105726.0
008 260413b |||||||| |||| 00| 0 eng d
020 _a978-93-5516-456-8 (hbk)
037 _cTB
040 _aAL
_cAL
041 _2eng
_aeng
084 _aV2:1941.P1 R5
_qAL
100 _aN. Shubalakshmi
_91113930
245 _aIndia's china question: exploring possibility and paradox
260 _aDelhi, India:
_bSumit Enterprises,
_c2025.
300 _a244p.
365 _b1495/-
_cINR
650 _aIndia-History
650 _aChina- History
_91234713
942 _cTB
_2CC
_hV2:1941.P1 R5
999 _c1678702
_d1678702